01624nam a2200409 i 450000100060000000300080000600500170001400600190003100700150005000800410006502000180010602000270012403500230015103500240017403500250019803500210022304000310024405000210027508200140029610000300031024501180034026400420045830000410050033600310054133700330057233800430060549000450064858801290069359001640082265100270098665100290101365500270104279700190106983000470108885600620113599900170119721339FlNmELB20241216213922.0m o d | cr cnu||||||||140924s2011 ec o 000 0 spa d z9789978320655 a9781449258917 (e-book) a(MiAaPQ)EBC3222756 a(Au-PeEL)EBL3222756 a(CaPaEBR)ebr10903405 a(OCoLC)949117671 aFINmELBbspaerdacFINmELB 4aF3710bG215 20110 a986.62231 aGarcía Ortiz, Humberto.13aLa forma nacional.nTomo uno,pensayo de una sociología de la nación ecuatoriana. /cHumberto García Ortiz. 1aQuito :bEdiciones La Tierra,c[2011] a1 recurso en línea (177 páginas) atextobtxt2rdacontent/spa acomputadorabc2rdamedia/spa arecurso en líneabcr2rdacarrier/spa1 aColección pensamiento socialista ;v15 aDescripción basada en recurso en línea; Título de la página del título en PDF (e-libro, visto september 24, 2014). aRecurso electrónico. Santa Fe, Arg.: e-libro, 2015. Disponible vía World Wide Web. El acceso puede estar limitado para las bibliotecas afiliadas a e-libro. 0aEcuadorxCivilization. 4aEcuadorxCivilización. 4aLibros electrónicos.2 ae-libro, Corp. 0aColección pensamiento socialista. ;v15.40uhttps://elibro.net/ereader/politecnicointernacional/80004 c21339d21339